State Sponsors Of Terrorism - Statistics

General Stats
  • This quiz has been taken 1,260 times
  • The average score is 5 of 7
Answer Stats
Hint Answer % Correct
1984-Present Iran
98%
1979-19821990-2004 Iraq
96%
1979-Present Syria
87%
1988-20082017-Present North Korea
80%
1979-2006 Libya
66%
1982-20152021-Present Cuba
57%
1993-2020 Sudan
57%
No matching quizzes found
Score Distribution
Percent of People with Each Score
Percentile by Number Answered
Your Score History
You have not taken this quiz